000 00327nam a2200121Ia 4500
008 180117s9999 xx 000 0 und d
100 _aby Zac Sarian
245 _aAgri-Talk
260 _c2017
300 _a25 pages, 2017 September 3
440 _aPhilippine Panorama
650 _aDAMAGED NARRA WORTH A FORTUNE IN EARLY 1900S
999 _c353534
_d353534